000 00672nam a2200265Ia 4500
003 OSt
005 20220912151640.0
006 a|||||r|||| 00| 0
007 ta
008 220909b |||||||| |||| 00| 0 eng d
024 _a48295
037 _cTextual
040 _aCSL
_beng
_cCSL
041 _aeng
082 _aF55, M3
100 _aPrasad K Krishna Ed.
245 0 _aWood heat for cooking
260 _aBanglore
_bIAS
_c1983
300 _a255p.
_ccm.
500 _aIncludes bibliography
650 _aFuel
700 _a Nerhaart P Ed.
942 _hF55, M3
_cTEXL
_2CC
999 _c73454
_d73454